Afrikan valtiot kahden ensimmäisen kirjaimen mukaan - Statistics

Yleistilastot
  • Tätä visaa on pelattu 2 675 kertaa
  • Keskiarvotulos 42 / 54
Vastaukset kartalla
Vastauksille on annettu kartalla punavihreä väri sen mukaan, kuinka moni on saanut sen oikein.
 
Vastaustilastot
Valtio % Oikein
Etelä-Afrikka
96%
Etelä-Sudan
96%
Etiopia
96%
Madagaskar
96%
Malawi
96%
Mali
96%
Marokko
96%
Mauritania
96%
Mauritius
96%
Egypti
95%
Algeria
91%
Kongon demokraattinen tasavalta
89%
Kongon tasavalta
89%
Somalia
89%
Komorit
88%
Liberia
88%
Libya
88%
Kenia
87%
Keski-Afrikan tasavalta
87%
Niger
87%
Nigeria
87%
Sudan
85%
Tunisia
81%
Angola
77%
Namibia
77%
Sambia
76%
São Tomé ja Príncipe
76%
Tansania
76%
Mosambik
75%
Kap Verde
74%
Senegal
74%
Seychellit
74%
Tšad
74%
Eritrea
73%
Kamerun
73%
Gabon
72%
Gambia
72%
Norsunluurannikko
70%
Burkina Faso
68%
Burundi
68%
Ghana
68%
Lesotho
67%
Benin
66%
Botswana
66%
Zimbabwe
66%
Togo
63%
Uganda
63%
Guinea
62%
Guinea-Bissau
62%
Ruanda
58%
Swazimaa
58%
Djibouti
57%
Sierra Leone
57%
Päiväntasaajan Guinea
53%
Ehtoja vastaavia visoja ei löytynyt
Tulosjakauma
Jokaisen tuloksen saaneiden osuus
Persentiili vastausten määrän mukaan
Tuloshistoriasi
Et ole pelannut tätä visaa